Derechos humanos en Argentina : informe 2005 /
Guardado en:
| Formato: | Libro |
|---|---|
| Idioma: | Spanish |
| Publicado: |
Buenos Aires :
Siglo XXI Editores Argentina : CELS,
2005.
|
| Edición: | 1a. ed. |
| Materias: | |
| Etiquetas: |
Agregar Etiqueta
Sin Etiquetas, Sea el primero en etiquetar este registro!
|
| LEADER | 00478nam a22001455a 4500 | ||
|---|---|---|---|
| 001 | DER.der003734 | ||
| 008 | 180615s2005####ag#||||||||||||||#||spa|| | ||
| 005 | 20250609113549.0 | ||
| 245 | 1 | 0 | |a Derechos humanos en Argentina : |b informe 2005 / |c Centro de Estudios Legales y Sociales. |
| 250 | |a 1a. ed. | ||
| 260 | |a Buenos Aires : |b Siglo XXI Editores Argentina : |b CELS, |c 2005. | ||
| 300 | |a 423 p. | ||
| 020 | |a 9871220367 | ||
| 650 | 7 | |a DERECHOS HUMANOS | |
| 859 | |a DERECHO |b BIB. DERECHO |h 323 |i CEN |p 005320 | ||
